| 000 | 01629nam a22002537a 4500 | ||
|---|---|---|---|
| 999 |
_c62957 _d62957 |
||
| 003 | Ge_BSU | ||
| 005 | 20250407110217.0 | ||
| 008 | 250407s2003 ge ||||| |||| 00| 0 geo d | ||
| 020 | _a9992807571 | ||
| 041 | _ageo | ||
| 080 | _a351 ქ-18 | ||
| 245 |
_aქალაქის მართვა: _bდამხმარე სახელმძღვანელო / _cავტორები: დ. მელუა, თ. შერგელაშვილი, გ. ერქომაიშვილი და სხვ.; რედაქტორი: თამარ სულუხია; საქართველოს საზოგადოებრივ საქმეთა ინსტიტუტი. |
||
| 250 | _aმეორე გამოცემა | ||
| 264 |
_aთბილისი, _bსაქართველოს საზოგადოებრივ საქმეთა ინსტიტუტი, _c2003. |
||
| 300 |
_a200 გვ.; _b20 სმ. |
||
| 653 | _a დეცენტრალიზაციის ფინანსური ასპექტები | ||
| 653 | _aქალაქის პოლიტიკა | ||
| 653 | _aსაქართველოს ადგილობრივი ბიუჯეტები | ||
| 700 |
_aსულუხია, თ. _eრედაქტორი _924741 |
||
| 700 |
_aმელუა, დ. _eავტორი _924742 |
||
| 700 |
_aშერგელაშვილი, თ. _eავტორი _924743 |
||
| 700 |
_aერქომაიშვილი, გ. _eავტორი _913267 |
||
| 942 |
_2udc _cᲬᲘᲒᲜᲘ |
||